000
00255nam a22000977a 4500
008
160614b xxu||||| |||| 00| 0 eng d
020
_a
9780074636664
100
_9
2
_a
Jerke, Noel
245
_a
Visual Basic 6
_b
The Complete Reference
260
_a
New Delhi
_b
McGrawHill
999
_c
2
_d
2